000 00556nam a2200217Ia 4500
003 0100
008 130303s9999 xx 000 0 und d
020 _a140442448
040 _cARRUPELIB
050 _aPA6307.A21971
100 _aCicero, Marcus Tullius
245 _aOn the good life = Selections.English
260 _aHarmondsworth
260 _bPenguin
260 _C1971
300 _a382p. 19cm
650 _bPhilosohy - history
650 _cPhilosophy, Indic
700 _aMarcus Tullius Cicero , Title, Selections.English
942 0 0 _01
999 _c16020
_d16020